| 000 | 00874nam a22002417a 4500 | ||
|---|---|---|---|
| 001 | 49724 | ||
| 003 | BD-RjUL | ||
| 005 | 20211209054723.0 | ||
| 008 | 160822b1971 b ||||| |||| 00| 0 ben d | ||
| 020 | _c: TK 60.00 | ||
| 035 | _a(BD-RjUL)49844 | ||
| 040 |
_aBD-RjUL _bben _cBD-RjUL |
||
| 041 | _aben | ||
| 082 |
_223 _bBIS 1971 _a491.443 |
||
| 100 |
_aবিশ্বাস, শৈলেন্দ্র _9149087 |
||
| 245 | 1 | 0 |
_aসংসদ বাঙ্গালা অভিধান / _cশৈলেন্দ্র বিশ্বাস |
| 250 | _a৩য় সং | ||
| 260 |
_aকলিকাতা : _bসাহিত্য সংসদ, _c১৯৭১ |
||
| 300 |
_a[৪], ৯৬৯পৃ. ; _c১৭ সেমি. |
||
| 650 |
_aবাংলা ভাষা _9149080 _vঅভিধান |
||
| 650 |
_aBengali language _9149081 _v Dictionaries |
||
| 942 |
_2ddc _cBK |
||
| 999 |
_c49724 _d49724 |
||